Les Surnoms des clubs de Foot - Statistiques

Statistiques générales
  • Ce quiz a été pris 327 fois
  • Le résultat moyen est 15 sur 20
Statistiques - réponses
Hint Réponse % Correct
Les Reds Liverpool
97%
Les Blues Chelsea
93%
Les Merengue Real Madrid
93%
Les Gunners Arsenal
92%
Les Canaris FC Nantes
90%
Les Reds Devils Manchester United
88%
Les Skyblues Manchester City
85%
Les Rossonneri AC Milan
84%
Les Colchoneros Atletico Madrid
84%
Les Phocéens OM
84%
Les Sang et Or RC Lens
84%
Les Nerazurri Inter
83%
Les Dogues LOSC
82%
Les Hammers West Ham
82%
Les Gones OL
80%
La Vieille Dame Juventus
79%
Les Aiglons OGC Nice
76%
Les Culers FC Barcelone
32%
Die Rotenbullen RB Leipzig
27%
FC Hollywood Bayern Munich
11%
Aucun quiz correspondant
Distribution des résultats
% des personnes avec chaque résultat
Percentile par nombre de réponses
Votre historique - résultats
Vous n’avez pas pris ce quiz